[Event "DEN-chT 2122 59th"]
[Site "Denmark"]
[Date "2021.12.12"]
[Round "3.1"]
[White "Guindy, Esmat Susanne"]
[Black "Rathlev, Jakob"]
[Result "0-1"]
[WhiteElo "2113"]
[BlackElo "2201"]
[PlyCount "106"]
[EventDate "2021.10.30"]
[EventType "team-tourn"]
[EventRounds "9"]
[EventCountry "DEN"]
[SourceTitle "EXT 2023"]
[Source "ChessBase"]
[SourceDate "2022.10.05"]
[SourceVersion "1"]
[SourceVersionDate "2022.10.05"]
[SourceQuality "1"]
[WhiteTeam "Fredericia"]
[BlackTeam "Jetsmark"]
[WhiteTeamCountry "DEN"]
[BlackTeamCountry "DEN"]

1. d4 e6 2. c4 f5 3. g3 Nf6 4. Bg2 c6 5. Nf3 d5 6. Qc2 Bd6 7. 0-0 0-0 8. b3 Qe7 9. a4 a5 10. Ba3 Bxa3 11. Nxa3 Na6 12. Ne5 Nb4 13. Qb2 b6 14. Rac1 Bb7 15. c5 Nd7 16. Nxd7 Qxd7 17. cxb6 Qd8 18. Nc2 Qxb6 19. Nxb4 Qxb4 20. Qc3 Qxc3 21. Rxc3 Ra6 22. Rc5 Rfa8 23. Rfc1 Rb6 24. R1c3 Kf7 25. e3 Ke7 26. f3 Kd6 27. Kf2 e5 28. dxe5+ Kxe5 29. Bf1 Kd6 30. Bd3 Bc8 31. Bc2 Bd7 32. Ke1 Rb4 33. Kd2 g5 34. e4 d4 35. R3c4 fxe4 36. Bxe4 Rab8 37. Rxb4 Rxb4 38. Rxg5 Rxb3 39. Rxa5 c5 40. f4 Rb2+ 41. Kd3 Rb3+ 42. Kc2 Re3 43. Ra6+ Kc7 44. Ra7+ Kd6 45. Ra6+ Ke7 46. Bxh7 c4 47. Ra5 Re2+ 48. Kd1 Rxh2 49. Be4 d3 50. f5 Ra2 51. Ra7 Kd6 52. f6 Bg4+ 53. Kc1 d2+ 0-1

[Event "Helsingor Hojstrupgaard op"]
[Site "Helsingor"]
[Date "2021.07.25"]
[Round "5"]
[White "Rathlev, Jakob"]
[Black "Moe, Mogens"]
[Result "0-1"]
[WhiteElo "2210"]
[BlackElo "2118"]
[PlyCount "86"]
[EventDate "2021.07.23"]
[EventType "swiss"]
[EventRounds "5"]
[EventCountry "DEN"]
[SourceTitle "CBM 203 Extra"]
[Source "ChessBase"]
[SourceDate "2021.09.30"]
[SourceVersion "1"]
[SourceVersionDate "2021.09.30"]
[SourceQuality "1"]

1. b3 e5 2. Bb2 Nc6 3. e3 g6 4. d4 exd4 5. Nf3 Bb4+ 6. Nbd2 dxe3 7. Qe2 f6 8. Qxe3+ Qe7 9. Bc4 Qxe3+ 10. fxe3 Ke7 11. 0-0 d6 12. Ne4 Bf5 13. Ng3 Be6 14. Nd4 Nxd4 15. Bxd4 d5 16. Bd3 c5 17. Bb2 Bd2 18. Kh1 Bxe3 19. Rae1 d4 20. Ne4 b6 21. Nxf6 Nxf6 22. Rxe3 Nd5 23. Re5 Kd6 24. Rfe1 Rhe8 25. Bb5 Re7 26. Bc4 Bg8 27. Rxd5+ Bxd5 28. Rxe7 Bxc4 29. Rxh7 Be6 30. h4 Bf5 31. c3 d3 32. Bc1 Re8 33. Bf4+ Kd5 34. Rxa7 Re2 35. Ra8 Ke4 36. Bg5 d2 37. Bxd2 Rxd2 38. Rb8 Kf4 39. Kh2 Be4 40. h5 gxh5 41. Rf8+ Ke3 42. Rf6 Rxg2+ 43. Kh3 Rg6 0-1

[Event "Aarhus Chess House Sommer op"]
[Site "Aarhus"]
[Date "2020.07.26"]
[Round "4"]
[White "Lauridsen, Jesper Morch"]
[Black "Rathlev, Jakob"]
[Result "1/2-1/2"]
[WhiteElo "2225"]
[BlackElo "2222"]
[PlyCount "29"]
[EventDate "2020.07.24"]
[EventType "tourn"]
[EventRounds "5"]
[EventCountry "DEN"]
[EventCategory "2"]
[SourceTitle "EXT 2021"]
[Source "ChessBase"]
[SourceDate "2020.10.23"]
[SourceVersion "1"]
[SourceVersionDate "2020.10.23"]
[SourceQuality "1"]

1. e4 e6 2. d4 d5 3. exd5 exd5 4. Nf3 Nf6 5. Bd3 Bd6 6. 0-0 0-0 7. h3 h6 8. Re1 Nc6 9. c3 Re8 10. Rxe8+ Qxe8 11. Nbd2 Be6 12. Nf1 Ne7 13. Qc2 Qc8 14. N1h2 Bf5 15. Bxf5 1/2-1/2

[Event "DEN-chT 1819 57th"]
[Site "Denmark"]
[Date "2019.03.16"]
[Round "8.3"]
[White "Jaksland, Tim"]
[Black "Rathlev, Jakob"]
[Result "1/2-1/2"]
[WhiteElo "2214"]
[BlackElo "2263"]
[PlyCount "65"]
[EventDate "2018.10.27"]
[EventType "team-tourn"]
[EventRounds "9"]
[EventCountry "DEN"]
[SourceTitle "CBM 189 Extra"]
[Source "ChessBase"]
[SourceDate "2019.05.31"]
[SourceVersion "1"]
[SourceVersionDate "2019.05.31"]
[SourceQuality "1"]
[WhiteTeam "Hillerod"]
[BlackTeam "Jetsmark"]
[WhiteTeamCountry "DEN"]
[BlackTeamCountry "DEN"]

1. Nf3 d5 2. c4 e6 3. g3 Nf6 4. Bg2 Be7 5. 0-0 0-0 6. b3 b6 7. cxd5 exd5 8. Bb2 Bb7 9. d4 c5 10. Nc3 Nc6 11. Rc1 Rc8 12. e3 Qc7 13. dxc5 bxc5 14. Nh4 d4 15. Na4 Ba6 16. exd4 Rfd8 17. Nf5 Bxf1 18. Qxf1 Bf8 19. dxc5 Rd2 20. Qc4 Qd7 21. Bh3 Rd1+ 22. Kg2 Rxc1 23. Bxc1 Qb7 24. f3 Rd8 25. Bf4 Rd1 26. Nc3 Ra1 27. Nd6 Qe7 28. Nxf7 Na5 29. Nh6+ Kh8 30. Nf7+ Kg8 31. Nh6+ Kh8 32. Nf7+ Kg8 33. Nh6+ 1/2-1/2

[Event "Bronshoj Lang Weekend"]
[Site "Copenhagen"]
[Date "2018.02.17"]
[Round "4"]
[White "Rathlev, Jakob"]
[Black "Rostgaard, Tobias Valentin"]
[Result "0-1"]
[WhiteElo "2231"]
[BlackElo "2305"]
[PlyCount "104"]
[EventDate "2018.02.15"]
[EventType "swiss"]
[EventRounds "7"]
[EventCountry "DEN"]
[SourceTitle "CBM 183 Extra"]
[Source "ChessBase"]
[SourceDate "2018.04.19"]
[SourceVersion "1"]
[SourceVersionDate "2018.04.19"]
[SourceQuality "1"]

1. b3 e5 2. Bb2 d6 3. e3 Nd7 4. d4 exd4 5. Qxd4 Ngf6 6. c4 a5 7. Nc3 Nc5 8. Nge2 c6 9. Rd1 a4 10. b4 Ne6 11. Qd3 a3 12. Ba1 Qb6 13. Qb1 d5 14. c5 Qc7 15. Nd4 Nxd4 16. exd4 Qf4 17. Qc1 Qxc1 18. Rxc1 Bf5 19. Rd1 Ne4 20. Nxe4 Bxe4 21. Kd2 g6 22. Re1 Kd7 23. f3 Bf5 24. g4 Be6 25. Bd3 Bg7 26. Bc3 Rhb8 27. h3 b6 28. Kc2 bxc5 29. bxc5 Rb2+ 30. Bxb2 axb2 31. Kxb2 Bxd4+ 32. Kb1 Bxc5 33. Bc2 Bb4 34. Rd1 c5 35. f4 d4 36. Bb3 Bc3 37. Rhf1 c4 38. Bc2 Bd5 39. f5 Kc6 40. fxg6 fxg6 41. Rf4 Kc5 42. h4 Rb8+ 43. Kc1 Bb2+ 44. Kd2 Re8 45. Rdf1 Bc3+ 46. Kc1 d3 47. Bd1 Bg7 48. g5 c3 49. Ra4 Be4 50. Bb3 d2+ 51. Kd1 Bf3+ 52. Kc2 Re1 0-1

[Event "Bronshoj Lang Weekend"]
[Site "Copenhagen"]
[Date "2018.02.16"]
[Round "3"]
[White "Hoi, Carsten"]
[Black "Rathlev, Jakob"]
[Result "1/2-1/2"]
[WhiteElo "2373"]
[BlackElo "2231"]
[PlyCount "114"]
[EventDate "2018.02.15"]
[EventType "swiss"]
[EventRounds "7"]
[EventCountry "DEN"]
[SourceTitle "CBM 183 Extra"]
[Source "ChessBase"]
[SourceDate "2018.04.19"]
[SourceVersion "1"]
[SourceVersionDate "2018.04.19"]
[SourceQuality "1"]

1. d4 e6 2. c4 f5 3. Nc3 Nf6 4. e3 c6 5. Bd3 d5 6. Nge2 Bd6 7. f3 Qe7 8. 0-0 dxc4 9. Bxc4 b5 10. Bb3 b4 11. Na4 0-0 12. Bd2 Na6 13. Qc2 Bd7 14. Qxf5 c5 15. dxc5 Nxc5 16. Nxc5 Bxc5 17. Nf4 Nd5 18. Nxd5 Rxf5 19. Nxe7+ Bxe7 20. Rac1 Rc5 21. Rxc5 Bxc5 22. Rc1 Bb6 23. Kf1 a5 24. Ke2 Kf7 25. Bc4 Bd8 26. Bd3 Rc8 27. Rxc8 Bxc8 28. Bb5 Bb7 29. Kd3 Bc7 30. h3 Bd6 31. e4 Kf6 32. Be3 Bc7 33. Bd4+ e5 34. Be3 g5 35. Bf2 Bc8 36. g4 Be6 37. Bc4 Bd7 38. h4 h6 39. h5 Ba4 40. Bc5 Kg7 41. b3 Bd7 42. Be3 Kf6 43. Ba6 Be6 44. Bb7 Kg7 45. Ba7 Kf6 46. Bd5 Bc8 47. Bc5 Kg7 48. a3 bxa3 49. Bxa3 Ba6+ 50. Bc4 Bc8 51. Be7 Bd7 52. Kc3 Bc8 53. Kb2 Bd7 54. Ka3 Bc6 55. b4 axb4+ 56. Kxb4 Bd7 57. Kc5 Ba4 1/2-1/2

[Event "EU-Cup 31st"]
[Site "Skopje"]
[Date "2015.10.19"]
[Round "2.4"]
[White "Rathlev, Jakob"]
[Black "Piceu, Tom"]
[Result "0-1"]
[WhiteElo "2240"]
[BlackElo "2316"]
[PlyCount "84"]
[EventDate "2015.10.18"]
[EventType "team-swiss"]
[EventRounds "7"]
[EventCountry "MKD"]
[SourceTitle "CBM 169"]
[Source "ChessBase"]
[SourceDate "2015.11.10"]
[SourceVersion "1"]
[SourceVersionDate "2015.11.10"]
[SourceQuality "1"]
[WhiteTeam "Jetsmark"]
[BlackTeam "Bruges"]
[WhiteTeamCountry "DEN"]
[BlackTeamCountry "BEL"]

1. c4 Nf6 2. g3 e6 3. Bg2 d5 4. Nf3 Be7 5. 0-0 0-0 6. b3 c5 7. Bb2 Nc6 8. e3 d4 9. exd4 cxd4 10. Re1 Ne8 11. a3 a5 12. d3 f6 13. Nbd2 e5 14. Qc2 Nc7 15. Rab1 Bg4 16. h3 Be6 17. Nf1 Qd7 18. Kh2 Rfc8 19. Bc1 b5 20. Qe2 a4 21. b4 bxc4 22. dxc4 d3 23. Qa2 Nb5 24. Bb2 Bxb4 25. Qa1 Bxe1 26. cxb5 Bxf2 27. bxc6 Rxc6 28. Bxe5 Rc2 29. N3d2 Bd5 30. Bxd5+ Qxd5 31. Rb8+ Rxb8 32. Bxb8 Kf7 33. Qb1 Be3 34. Bf4 Bxf4 35. gxf4 Qf3 36. Kg1 Qxf4 37. Qb7+ Kg6 38. Qd7 Rxd2 39. Nxd2 Qxd2 40. h4 Qe1+ 41. Kg2 Qe2+ 42. Kh1 d2 0-1

[Event "EU-Cup 29th"]
[Site "Rhodes"]
[Date "2013.10.25"]
[Round "6.6"]
[White "Regan, Natasha"]
[Black "Rathlev, Jakob"]
[Result "1/2-1/2"]
[WhiteElo "2081"]
[BlackElo "2250"]
[PlyCount "96"]
[EventDate "2013.10.20"]
[EventType "team-swiss"]
[EventRounds "7"]
[EventCountry "GRE"]
[SourceTitle "CBM 157"]
[Source "ChessBase"]
[SourceDate "2013.11.12"]
[SourceVersion "1"]
[SourceVersionDate "2013.11.12"]
[SourceQuality "1"]
[WhiteTeam "Barbican"]
[BlackTeam "Jetsmark"]
[WhiteTeamCountry "ENG"]
[BlackTeamCountry "DEN"]

1. Nf3 c5 2. g3 b6 3. Bg2 Bb7 4. d3 g6 5. e4 Bg7 6. Nc3 Nc6 7. 0-0 Nd4 8. Nxd4 cxd4 9. Ne2 e6 10. c3 dxc3 11. bxc3 Ne7 12. Be3 d5 13. exd5 Nxd5 14. Qa4+ Qd7 15. Qxd7+ Kxd7 16. Rac1 Ba6 17. c4 Nxe3 18. fxe3 Raf8 19. c5 Bh6 20. Kf2 bxc5 21. Rxc5 Rb8 22. Rc6 Bb5 23. Rc3 Rhc8 24. Rb3 Ba6 25. Rfb1 Rxb3 26. Rxb3 Bf8 27. Bb7 Bxb7 28. Rxb7+ Rc7 29. Rxc7+ Kxc7 30. g4 Kc6 31. g5 Be7 32. h4 f6 33. gxf6 Bxf6 34. h5 Kb5 35. hxg6 hxg6 36. Nf4 Ka4 37. Nxe6 Ka3 38. d4 Kxa2 39. e4 Kb3 40. e5 Bh8 41. Nf4 Kc4 42. Nxg6 Bg7 43. Ke3 a5 44. d5 Kxd5 45. Kd3 Ke6 46. Kc4 Kf5 47. Kb5 Kxg6 48. Kxa5 Bxe5 1/2-1/2

[Event "DEN-chT 1213"]
[Site "Denmark"]
[Date "2012.10.28"]
[Round "2.7"]
[White "Rathlev, Jakob"]
[Black "Palm, Nikolaj"]
[Result "1-0"]
[WhiteElo "2238"]
[BlackElo "2307"]
[PlyCount "69"]
[EventDate "2012.10.27"]
[EventType "team-tourn"]
[EventRounds "9"]
[EventCountry "DEN"]
[SourceTitle "EXT 2014"]
[Source "ChessBase"]
[SourceDate "2013.11.20"]
[SourceVersion "1"]
[SourceVersionDate "2013.11.20"]
[SourceQuality "1"]
[WhiteTeam "Jetsmark"]
[BlackTeam "Bronshoj"]
[WhiteTeamCountry "DEN"]
[BlackTeamCountry "DEN"]

1. Nf3 d5 2. c4 e6 3. g3 Nf6 4. Bg2 Be7 5. 0-0 0-0 6. b3 b6 7. Bb2 Bb7 8. e3 dxc4 9. bxc4 c5 10. Qe2 Nc6 11. d4 cxd4 12. exd4 Qc7 13. Nbd2 Rfd8 14. Rfd1 Rac8 15. Rac1 Ba6 16. h3 h6 17. Qe3 Na5 18. Bf1 Qb7 19. Ne5 Nd7 20. Nef3 Bf6 21. Bd3 Rc7 22. h4 Qc8 23. Ne5 Be7 24. Nxd7 Qxd7 25. Qe4 f5 26. Qe2 Bf6 27. Nf3 Bb7 28. Ne5 Bxe5 29. Qxe5 Nc6 30. Qe3 Nxd4 31. Bxd4 Qxd4 32. Qxe6+ Rf7 33. Be2 Qf6 34. Rxd8+ Qxd8 35. Bh5 1-0